Authorizing the Secretary of War to lease certain lands in the Sepulveda Dam and Reservoir project and the Hansen Dam and Reservoir project to the City of Los Angeles, Calif.

Bibliographic Details
Corporate Authors: United States. Congress. Senate. Committee on Commerce, ProQuest (Firm)
Format: eBook
Language:English
Published: Washington : [publisher not identified], 1941.
Series:United States congressional serial set.
Subjects:
Online Access:Connect to the full text of this electronic book

MARC

Tag First Indicator Second Indicator Subfields
LEADER 00000cam a22000001a 4500
001 in00003136813
005 20190403172056.0
006 m o d
007 cr un mmmapmmp
008 080123s1941 dcu o f000 0 eng d
035 |a cis2004210432 
040 |a UMI  |c UMI  |d UtOrBLW 
043 |a n-us--- 
099 |a ProQuest Serial Set Number 10546 S.rp.803 
110 1 |a United States.  |b Congress.  |b Senate.  |b Committee on Commerce. 
245 1 0 |a Authorizing the Secretary of War to lease certain lands in the Sepulveda Dam and Reservoir project and the Hansen Dam and Reservoir project to the City of Los Angeles, Calif. 
246 1 |a Leasing lands in Sepulveda and Hansen Dam and Reservoir projects to Los Angeles, California 
264 1 |a Washington :  |b [publisher not identified],  |c 1941. 
300 |a 1 online resource. 
336 |a text  |b txt  |2 rdacontent 
337 |a computer  |b c  |2 rdamedia 
338 |a online resource  |b cr  |2 rdacarrier 
490 0 |a S.rp.803 
500 |a Record is based on bibliographic data in ProQuest U.S. Serial Set Digital Collection (last viewed Jan. 2008). Reuse except for individual research requires license from ProQuest, LLC. 
510 3 |a ProQuest U.S. Serial Set Digital Collection 
500 |a Electronic resource. 
650 0 |a Dams. 
650 0 |a Lease and rental services. 
650 0 |a Public lands. 
655 7 |a Electronic books.  |2 local 
710 2 |a ProQuest (Firm) 
830 0 |a United States congressional serial set. 
856 4 0 |u http://proxy.library.tamu.edu/login?url=http://congressional.proquest.com/congcomp/getdoc?SERIAL-SET-ID=10546+S.rp.803  |z Connect to the full text of this electronic book  |t 0 
999 |a MARS 
999 f f |s e31f7e69-63ef-3125-9aeb-44ab83a6ee19  |i 2764f116-91a4-3dff-b7d5-08fe6dc45974  |t 0 
952 f f |a Texas A&M University  |b College Station  |c Electronic Resources  |d Available Online  |t 0  |e ProQuest Serial Set Number 10546 S.rp.803  |h Other scheme 
998 f f |a ProQuest Serial Set Number 10546 S.rp.803  |t 0  |l Available Online